000 00456 a2200109 4500
245 _aHormones and cell Regulation = Hormones et régulation cellulaire 1: Procedings of the I.N.S.E.R.M. European Symposium on Hormones and Cell Regulation, held at Mont Sainte - Odile, 29 Sept - 2 Octobre 1986
100 _aINSERM Symposium ( II; 1986; Sainte Odile )
260 _c1986
300 _aXVI - 233 p.
999 _c16706
_d16706